Vi sinh vật đất và sự chuyển hóa các hợp chất carbon, nitơ

में बचाया:
ग्रंथसूची विवरण
मुख्य लेखक: Nguyễn Lân Dũng
स्वरूप: पुस्तक
भाषा:Undetermined
प्रकाशित: Hà Nội KHKT 1984
विषय:
टैग : टैग जोड़ें
कोई टैग नहीं, इस रिकॉर्ड को टैग करने वाले पहले व्यक्ति बनें!
Thư viện lưu trữ: Trung tâm Học liệu Trường Đại học Cần Thơ
LEADER 00550nam a2200181Ia 4500
001 CTU_12529
008 210402s9999 xx 000 0 und d
082 |a 631.46 
082 |b D513 
100 |a Nguyễn Lân Dũng 
245 0 |a Vi sinh vật đất và sự chuyển hóa các hợp chất carbon, nitơ 
245 0 |c Nguyễn Lân Dũng 
260 |a Hà Nội 
260 |b KHKT 
260 |c 1984 
650 |a soil microbiology 
904 |i Minh, 961115 
980 |a Trung tâm Học liệu Trường Đại học Cần Thơ